Представление документа в формате MARC21

Поле Инд. ПП Название Значение
Тип записи a
Библиографический уровень m
001 Контрольный номер RU/IS/BASE/130850211
005 Дата корректировки 20230117114909.9
040 b Код языка каталог. rus
041 0_ a Код языка текста rus
080 a Индекс УДК 821.161.1
084 a Индекс другой классификации/Индекс ББК 84(2Рос=Рус)6
090 00 a Полочн. индекс 84(2Рос=Рус)6
x Авторский знак А82
097 b Оператор 11
100 10 a Автор Арканов А. М.
245 00 a Заглавие Антология сатиры и юмора России ХХ века
n Номер части/ раздела Т. 1
260 00 a Место издания М.
b Издательство Эксмо-Пресс
c Дата издания 2000
300 00 a Объем 544 с.
510 0_ a Примечание о ссылках Книги и методические пособия
650 04 a Основная рубрика 17.82 Произведения художественной литературы
x Основная подрубрика 17.82.70 Юмор, сатира, пародия
653 0_ a Ключевые слова рассказы
901 t Тип документа m